000 nam a22 a 4500
999 _c39898
_d39898
003 BLK
005 20220704130226.0
008 180408b bul|||||r ||||||| ||bul||
010 _aKNG00043281000
040 _aBLK
041 _aBUL
_cBUL
080 _aИкономическо положение. Икономическа политика. Управление. Планиране. Производство. Услуги. Цени
_b338
_x(497.2)
_z338(497.2)
080 _aКомунистически партии. Вж и 327.323
_b329.15
_x(497.2)БКП
_z329.15(497.2)БКП
080 _aРаботна заплата. Възнаграждения. Премии. Хонорари. Парична подкрепа. Вж и 349.23
_b331.2
_x(497.2)
_z331.2(497.2)
100 1 _aВеликов, Никола Вълков
_eпърви автор
_9274007
139 _aВеликов, Борис Стойчев и др.
_bВ 39
245 1 0 _aУсъвършенствуване на социалистическото разпределение у нас
_cНикола Вълков Великов.
245 1 0 _aПовишаване благосъстоянието на народа - главна грижа на Българската комунистическа партия
_cЙордан Бойчев.
257 _aBGR
260 _aСофия
_bБКП
_c1971
300 _a87 с.
_bс табл.
_c20 см
380 _a3
490 _aВ помощ на участниците в системата на партийната просвета
_9205316
490 _aМарксизмът-ленинизмът за научно-техническата революция и нейните социални последици
_9208618
650 4 _aНационален доход - България
_9276911
650 4 _aРаботна заплата - България
_9265506
650 4 _aСоциализъм - България
_9247291
651 4 _aБългария
_9241624
653 _aнационален доход
653 _aпривързаност
653 _aсоциалистическо общество
653 _aсоциализъм
700 _aБойчев, Йордан
_eавт.
_9389356
852 _aЦб 57045
_bЦб
856 4 _qpdf
856 4 _qpdf
942 _cKNG
_n0
_s1
944 _aCR
_c30.08.2016
_lф /
_kЛюбка_Николова
944 _aED
_c2022-07-04
_kир
999 _d39898